| 000 | 00601nam a2200217 u 4500 | ||
|---|---|---|---|
| 005 | 20240514063709.0 | ||
| 008 | 160905s2010 es r 000 0 spa d | ||
| 020 | _a9788415540281 | ||
| 035 | _aUPN01000212825 | ||
| 049 | _aCG | ||
| 050 | 4 |
_aBF576 _bA2.7 |
|
| 245 | 0 | 0 | _aActualización en inteligencia emocional. |
| 260 |
_aMálaga, Esp. : _bICB, _c[2010]. |
||
| 300 | _a207, [14] p. | ||
| 500 | _aincluye solucionario | ||
| 650 | 7 |
_aInteligencia emocional _2 _91394 |
|
| 650 | 4 |
_aEmociones en niños _9479 |
|
| 650 | 4 |
_aPsicología del adolescente _91013 |
|
| 905 | _aLibro | ||
| 999 |
_c184925 _d184925 |
||